000 00725cab a2200229 4500
001 ABS52381
008 090401t1995 xxu||||| |||| 00| 0 eng d
035 _a(Sirsi) u75354
041 _aeng
100 _aHouston, K.
245 _aWork out a frame
260 _c1995
350 _a0
490 _aC A Magazine
_v99(1063) February 1995, 45-47(3)
520 _aAssesses the chances of acceptance both inside and outside the profession of the RICS proposals to toughen up the regime under which commercial property valuations are made.
650 _aASSET VALUATION
650 _aPROPERTY-COMMERCIAL PROPERTY
650 _aMALLINSON REPORT
690 _aRATING AND VALUATION
942 _n0
948 _c04/03/1997
999 _c47462
_d47462